000 01048nam0a22002651 4500
001 v19\rc\1505827
005 20060620121929.4
035 _a(NLR Aleph) 004631743
090 _a3176354
_c3176354
100 _a20060620d1883 |||y0rusy50 ca
101 0 _arus
102 _aRU
105 _aab z |||||
200 1 _aМорская метеорология
_eВетры и течения
_fСост.: м. Карл. Плоа, инж.-гидрограф 1 кл., и м. Каспари, пом. инж.-гидрографа
_gС фр. В. Иванов, Корпуса штурманов кап.
210 _aСанкт-Петербург
_cтип. Мор. м-ва
_d1883
215 _a[2], II, 116 с., 12 л. черт., карт.
_cил.
_d32
700 1 _aПлоа
_bШ. М.
_gШарль Мартен
_4220
701 1 _aКаспари
_bЭ.
_gЭдуард
_4220
702 1 _aИванов
_bВ.
_4730
801 0 _aRU
_bNLR
_gpsbo
801 0 _aRU
_bRuMoRGB
_2psbo
801 1 _aRU
_bProSoft-M
_2rusmarc
852 _aNLR
_j38.7.2.16
942 _cBOOK
980 _aNB